000 00973nam1a22002771i 4500
001 rc\339649
005 20240723220831.0
035 _a(NLR Aleph) 005633612
090 _a6597411
_c6597411
100 _a20030307d1989 m y0rusy50 ca
101 2 _arus
_ceng
102 _aRU
105 _a z||||||a|
200 1 _aПодвиг
_e[сборник]
210 _aМосква
_cМолодая гвардия
_d1989
215 _d20
225 1 _aБиблиотека героики и приключений
300 _aПриложение к журналу "Сельская молодежь"
300 _aОписано по обложке. На тит. л. только авторы произведений
422 0 _12001#$aСельская молодежь$eжурнал
_tСельская молодежь
686 1 _aШ6(0)07-446
801 0 _aRU
_bNLR
_gpsbo
801 1 _aRU
_bELAR
_2rusmarc
852 _aNLR
_j89-3/2275
942 _cBOOK